New access to finance renewable sources of energy in European Union and Slovak Republic, Their possible risks

Využívanie obnoviteľných zdrojov energie v Európskej únii a v Slovenskej republike a riziká, ktoré prináša. Energetická politika Spoločenstva a podiel energie z obnoviteľných zdrojov - úspory budúcej spotreby energie.

Na minha lista:
Detalhes bibliográficos
Autor principal: Bašová, Alena, 1961-
Formato: Capítulo de Livro
Idioma:inglês
Assuntos:
Tags: Adicionar Tag
Sem tags, seja o primeiro a adicionar uma tag!

MARC

LEADER 00000nla a2200000 4500
001 0199301
005 20240502073354.0
041 0 |a eng 
044 |a SK 
245 1 0 |a New access to finance renewable sources of energy in European Union and Slovak Republic, Their possible risks  |c Alena Bašová 
520 |a Využívanie obnoviteľných zdrojov energie v Európskej únii a v Slovenskej republike a riziká, ktoré prináša. Energetická politika Spoločenstva a podiel energie z obnoviteľných zdrojov - úspory budúcej spotreby energie. 
610 2 0 |a Európska únia 
610 2 0 |a Slovensko 
610 2 0 |a politika energetická 
610 2 0 |a zdroje energie obnoviteľné 
610 2 0 |a biomasa 
610 2 0 |a úspory energie 
610 2 0 |a bezpečnosť energetická 
100 1 |a Bašová, Alena, 1961-